Destiny the Game 7 - Flavour Text - Statistics

General Stats
  • This quiz has been taken 1,015 times
  • The average score is 14 of 25
Answer Stats
Hint Answer % Correct
Don't play your hand unless you're sure you have that ace in the hole. Ace of Spades
96%
Burn the world. Burn it all. Dragon's Breath
86%
Subroutine IKELOS: Status=complete. MIDNIGHT EXIGENT: Status=still in progress. Sleeper Simulant
82%
If there is beauty in destruction, why not also in its delivery? Gjallarhorn
79%
Vanguard policy urges Guardians to destroy this weapon on sight. Red Death
79%
Let them feel every lash, every curse, every touch of malice that they first dealt to me. Touch of Malice
79%
Please replace these components if use causes fatal damage: HEAT SINK. MAGAZINE. OPERATOR. Ice Breaker
76%
...is where you seek it. Truth
76%
To rend one's enemies is to see them not as equals, but objects-hollow of spirit and meaning. Thorn
64%
Oh, deer goodness. The Stag
62%
...PRAISE ME... The Ram
59%
Good fighters have contingency plans. Great fighters don't need them. Plan C
55%
If you've got it, they'll never see it coming. Patience and Time
52%
A single word is etched onto the inside of the weapon's casting: "Soon". No Time To Explain
50%
Wait for enemy to make a mistake. Die. Stand by for Ghost Resurraction. Repeat as necessary. Fabian Strategy
49%
Every hit blazes the path to our reclamation. No Land Beyond
46%
Release the storm. Hold nothing back. Tlaloc
41%
He walked out into the demon light. But at the end he was brighter. Helm of Saint-14
37%
Defy extinction. Bones of Eao
36%
Eternity is very close. Can you feel yourself slipping? Necrochasm
36%
There will always be paths to tread and methods to try. Roll with it. Monte Carlo
35%
One day the Last City will be know as the First City. Twilight Garrison
27%
These are the wings of pratiya-samutpada, the truth of interconnectedness. The everywhere Light. Light Beyond Nemesis
22%
Doesn't matter how good you are-you stay out there too long, you're not coming back. Not the same way you left, anyway. Graviton Forfeit
21%
The wound is not deep, but you know it exists-and that is enough. Khepri's Sting
17%
No matching quizzes found
Score Distribution
Percent of People with Each Score
Percentile by Number Answered
Your Score History
You have not taken this quiz